Four letter countries by flag - Statistics

General Stats
  • This quiz has been taken 39 times
  • The average score is 9 of 10
Answer Stats
Picture Answer % Correct
Chad
97%
Iran
97%
Fiji
94%
Iraq
94%
Peru
94%
Laos
88%
Cuba
82%
Oman
82%
Togo
79%
Mali
76%
No matching quizzes found
Score Distribution
Percent of People with Each Score
Percentile by Number Answered
Your Score History
You have not taken this quiz